| 000 | | | 06099nmc2a22000003x 450 |
| 001 | | | 038f1001-3366-46f9-b4e9-91d676e92c2a |
| 005 | | | 20190722125255.0 |
| 100 | ## | $a | 20161209l18091849k l0rusy0189 ca |
| 101 | 0# | $a | rus |
| 102 | ## | $a | RU |
| 200 | 1# | $a | Дело о службе музыканта-кларнетиста Франца Фишера |
| | $j | 1 сентября 1809 г. - 31 октября 1849 г. |
| 251 | ## | $c | Дело |
| 300 | ## | $a | Дело |
| 300 | ## | $a | Ориг. заголовок дела: Дело об исключении из списков умершего музыканта кларнетиста Франца Фишера, состоявшего в службе Дирекции. 1 сентября 1809 г. - 31 октября 1849 г |
| 801 | #0 | $a | RU |
| | $b | РГИА |
| | $c | 20161209 |
| | $g | RCR |
| 801 | #1 | $a | RU |
| | $b | ГлавНИВЦ |
| | $c | 20161209 |
| | $2 | rusmarc |
| 801 | #2 | $a | RU |
| | $b | ПБ им. Б.Н. Ельцина |
| | $c | 20180928 |
| | $g | RCR |
| | $2 | rusmarc |
| 850 | ## | $a | РГИА |
| 852 | ## | $a | РГИА |
| | $e | Федеральное казенное учреждение "Российский государственный исторический архив" (РГИА) |
| | $j | 158 |
| 937 | ## | $h | РГИА |
| | $d | 12233977 |
| | $a | ASBIBLIO_SCAN |
| 462 | #0 | $1 | 001dd3991dc-24e1-42ec-8838-ca4255420416 |
| | $1 | 2001 |
| | $a | 1746-1850 гг. |
| | $1 | 251 |
| | $c | Опись |
| | $1 | 852 |
| | $j | 1 |
| 461 | #0 | $1 | 0019264ebf8-de62-4f1a-9eb4-9f22098dbbd5 |
| | $1 | 2001 |
| | $a | Дирекция императорских театров МИДв |
| | $1 | 251 |
| | $c | Фонд |
| | $1 | 852 |
| | $j | 497 |
| 215 | ## | $a | 23 л. |
| | $d | 36,5х26 см |
| 371 | ## | $a | Документ не является опубликованным и широко распространяемым |
| 517 | 1# | $a | Дело об исключении из списков умершего музыканта кларнетиста Франца Фишера, состоявшего в службе Дирекции. 1 сентября 1809 г. - 31 октября 1849 г |
| 105 | ## | $a | y### |
| 122 | 2# | $a | d |
| 035 | ## | $a | 038f1001-3366-46f9-b4e9-91d676e92c2a |
| 856 | ## | $u | http://readingroom.main.prlib.ru/item.aspx?id_node=n118722283&mode=full |
| 600 | #1 | $2 | prlib_sh |
| | $3 | LIBNET\UAF\0000080146 |
| | $a | Тюфякин |
| | $b | П. И. |
| | $g | Петр Иванович |
| | $f | 1769-1845 |
| | $j | Документы и материалы |
| 601 | 01 | $2 | prlib_sh |
| | $3 | LIBNET\UAF\0000080151 |
| | $a | Россия |
| | $b | Дирекция императорских театров |
| | $x | Деятельность |
| | $j | Документы и материалы |
| 606 | 1# | $2 | prlib_sh |
| | $3 | LIBNET\UAF\0000083534 |
| | $a | Музыканты |
| | $x | История |
| | $y | Россия |
| | $j | Документы и материалы |
| 606 | 1# | $a | Театральные работники |
| | $x | Оплата труда |
| | $j | Документы и материалы |
| | $2 | nlr_sh1 |
| | $3 | RU\NLR\AUTH\661073460 |
| 605 | ## | $2 | acquisition_Prlib |
| | $3 | LIBNET\UAF\0000080478 |
| | $a | Год театра в России |
| | $l | коллекция |
| 605 | ## | $2 | acquisition_Prlib |
| | $3 | DITM\AF\0000004166 |
| | $a | Россия в лицах |
| | $l | коллекция |
| 686 | ## | $2 | rubbk |
| | $a | 85.31 |
| | $v | LBC/M |
| 686 | ## | $a | 63.3(2)521-7 |
| | $v | LBC/M |
| | $2 | rubbk |